Chansons de L2B - Statistiques

Statistiques générales
  • Ce quiz a été pris 68 fois
  • Le résultat moyen est 7 sur 15
Answers on the Grid
Answers color-coded by a green-red scale on the quiz's grid according to % correct below.
Cité d'or
Only
Traficante
LMB
Inna
Street Plant
Temps Perdu
Pus Comme Avant
C'est Trop
Bolide Allemand
5 étoiles
CWF
Abstrait
Filon
C'est Carré
Immonde
Movie
La Zone
Money
Le Temps
Filtré
Marie
Dans la Chambre
Intro
Air Max
2x comme Jimmy
A l'aise
De Base
René Caovilla
French Riviera
 
Statistiques - réponses
Réponse % Correct
Only
89%
Movie
74%
La Zone
63%
Pus Comme Avant
61%
Money
58%
A l'aise
50%
C'est Carré
50%
Cité d'or
50%
French Riviera
47%
5 étoiles
42%
Dans la Chambre
42%
Intro
37%
Temps Perdu
37%
Inna
26%
CWF
13%
Aucun quiz correspondant
Distribution des résultats
% des personnes avec chaque résultat
Percentile par nombre de réponses
Votre historique - résultats
Vous n’avez pas pris ce quiz